| 000 | 01020nam a22002657a 4500 | ||
|---|---|---|---|
| 003 | BD-DhSAU | ||
| 005 | 20190512101523.0 | ||
| 008 | 160606b2014 bg ||||| |||| 001 0 eng d | ||
| 040 | _aBD-DhSAU | ||
| 082 |
_222 _a630 _bJ574 |
||
| 100 |
_aJoarder, Sabbir Mahmud _eRegistration # 08-03145 |
||
| 245 |
_aGrowth and yield on mungbean as affected by plant density and methods of weed control / _bMS thesis |
||
| 260 |
_aSher-e-Bangla Agricultural Uniersity : _bDepartment of Agronomy _c2014 |
||
| 300 |
_avii, 80 p. : _bill. ; _c30 cm. |
||
| 500 | _aMS thesis of Department of Agronomy , Faculty of Agriculture, Sher-e-Bangla Agricultural University, Dhaka, Bangladesh | ||
| 590 | _aMd. Sirajul Islam | ||
| 650 | _aAgronomy | ||
| 650 | _aMungbean | ||
| 650 | _aPlant | ||
| 650 | _aWeed | ||
| 700 |
_aAli, Md. Hazrat _eSupervisor |
||
| 700 |
_aHossain, H. M. M Tariq _eCo-Supervisor |
||
| 856 |
_uhttp://archive.saulibrary.edu.bd:8080/xmlui/handle/123456789/2504 _yOnline Access |
||
| 942 |
_2ddc _cTHESIS |
||
| 999 |
_c13341 _d13340 |
||